<?xml version="1.0" encoding="UTF-8"?>
<record
    xmlns:xsi="http://www.w3.org/2001/XMLSchema-instance"
    xsi:schemaLocation="http://www.loc.gov/MARC21/slim http://www.loc.gov/standards/marcxml/schema/MARC21slim.xsd"
    xmlns="http://www.loc.gov/MARC21/slim">

  <leader>06110nam a2200409 a 4500</leader>
  <controlfield tag="003">CHAP</controlfield>
  <controlfield tag="005">20250707170839.0</controlfield>
  <controlfield tag="007">ta</controlfield>
  <controlfield tag="008">250612s2024    mx ado|fs|||| 001 0 spa d</controlfield>
  <datafield tag="040" ind1=" " ind2=" ">
    <subfield code="e">rda</subfield>
  </datafield>
  <datafield tag="041" ind1=" " ind2=" ">
    <subfield code="a">spa</subfield>
    <subfield code="b">eng</subfield>
  </datafield>
  <datafield tag="100" ind1="1" ind2=" ">
    <subfield code="a">L&#xF3;pez Herrera, Abigail</subfield>
    <subfield code="9">190635</subfield>
  </datafield>
  <datafield tag="240" ind1="1" ind2="0">
    <subfield code="a">Separation of bioactive compounds from corn processing by-products.</subfield>
    <subfield code="l">Espa&#xF1;ol</subfield>
  </datafield>
  <datafield tag="245" ind1="1" ind2="0">
    <subfield code="a">Separaci&#xF3;n de compuestos bioactivos de subproductos del procesamiento de ma&#xED;z /</subfield>
    <subfield code="c">Abigail L&#xF3;pez Herrera</subfield>
  </datafield>
  <datafield tag="264" ind1=" " ind2=" ">
    <subfield code="a">Chapingo, M&#xE9;xico :</subfield>
    <subfield code="b">El autor,</subfield>
    <subfield code="c">2024</subfield>
  </datafield>
  <datafield tag="300" ind1=" " ind2=" ">
    <subfield code="a">1 recurso en l&#xED;nea (xiv, 115 p&#xE1;ginas) :</subfield>
    <subfield code="b">ilustraciones, tablas, gr&#xE1;ficas, fotograf&#xED;as</subfield>
  </datafield>
  <datafield tag="336" ind1=" " ind2=" ">
    <subfield code="2">rdacontent</subfield>
    <subfield code="a">texto</subfield>
    <subfield code="b">txt</subfield>
  </datafield>
  <datafield tag="337" ind1=" " ind2=" ">
    <subfield code="2">rdamedia</subfield>
    <subfield code="a">computadora</subfield>
    <subfield code="b">c</subfield>
  </datafield>
  <datafield tag="338" ind1=" " ind2=" ">
    <subfield code="2">rdacarrier</subfield>
    <subfield code="a">recurso en l&#xED;nea</subfield>
    <subfield code="b">cr</subfield>
  </datafield>
  <datafield tag="502" ind1=" " ind2=" ">
    <subfield code="a">Tesis</subfield>
    <subfield code="b">MCTA</subfield>
    <subfield code="c">Agroindustrias</subfield>
    <subfield code="d">2024</subfield>
    <subfield code="g">MAE</subfield>
  </datafield>
  <datafield tag="504" ind1=" " ind2=" ">
    <subfield code="a">Incluye bibliograf&#xED;as</subfield>
  </datafield>
  <datafield tag="520" ind1="3" ind2=" ">
    <subfield code="a">El ma&#xED;z (Zea mays L.) es diverso en variedades y genotipos. Entre ellos est&#xE1;n los llamados ma&#xED;ces pigmentados, con tonalidades rojas, azules o moradas en la mazorca originado por la presencia de antocianinas. El olote es un residuo agr&#xED;cola que se genera cuando se separa el grano de la mazorca y se usa com&#xFA;nmente para alimento de ganado, abono y como material de combusti&#xF3;n. Sin embargo, se puede aprovechar como fuente de antocianinas para usarlas en matrices alimenticias. El objetivo del trabajo fue cuantificar compuestos bioactivos presentes en olote de ma&#xED;z morado cosechado en Juchitepec, Estado de M&#xE9;xico. Se caracterizaron cuatro poblaciones de ma&#xED;z morado: Negro de Ixtenco (P5), Negro de Ixtenco x Negro de Per&#xFA; (P6), Azul x Negro de Ixtenco (colecta 7247B; P7) y Azul x Negro de Ixtenco (colecta 7246B; P8). Se realiz&#xF3; extracci&#xF3;n convencional con metanol 80% m&#xE1;s 1% de &#xE1;cido trifluoroac&#xE9;tico (TFA). Tambi&#xE9;n, se emprendi&#xF3; extracci&#xF3;n acuosa en dos fases, a trav&#xE9;s de la construcci&#xF3;n y uso de un diagrama binodal con etanol grado 96, citrato de sodio (40%) y &#xE1;cido c&#xED;trico (40%), para explorar condiciones adecuadas de separaci&#xF3;n. Los resultados indicaron que las poblaciones P5 y P6 tuvieron mayor concentraci&#xF3;n (base seca) de antocianinas (1678.8 &#xB1; 6.1 y 1651.8 &#xB1; 11.7 mg ECy/100 g), fenoles (4678.1 &#xB1; 149.0 y 4740.1 &#xB1; 170.8 mg EAF/100 g), az&#xFA;cares totales (10917.4 &#xB1; 140.7 y 8654.1 &#xB1; 64.6 mg EG/100 g) y flavonoides (5781.7 &#xB1; 81.8 y P6 6238.8 &#xB1; 119.6 mg EQ/100 g, respectivamente). Con base en un sistema con 8.25% de citrato de sodio, 2.75% de &#xE1;cido c&#xED;trico y 49.0% de etanol, se extrajeron fases superiores de los sistemas ATPE, a partir de las poblaciones P5 y P6, con contenido total de antocianinas de 0.26 &#xB1; 0.00 y 0.31 &#xB1; 0.00 mg ECy /mL, de fenoles de 3.91 &#xB1; 0.01 y 4.02 &#xB1; 0.02 mg EAF/mL, proantocianidinas de 42.49 &#xB1; 0.24 y 53.76 &#xB1; 0.60 mg EC/mL, de flavonoides de 6.55 &#xB1; 0.20 y 7.51 &#xB1; 0.30 mg EQ/mL y de az&#xFA;cares totales de 10.26 &#xB1; 0.17 y 10.54 &#xB1; 0.03 mg EG/mL, respectivamente. Se realizaron pruebas de pigmentaci&#xF3;n en yogur y tamales dulces, con lo que se demostr&#xF3; que las antocianinas del olote de ma&#xED;z pueden ser una alternativa para sustituir colorantes artificiales. --</subfield>
  </datafield>
  <datafield tag="520" ind1="3" ind2=" ">
    <subfield code="a">Corn (Zea mays L.) is diverse in varieties and genotypes, and among them the so-called pigmented corns are distinguished, which exhibit red, blue or purple hues in the cob, which is caused by the presence of anthocyanins. The olote is the part that remains of the cob after removing the grain and constitutes a residue that is used for livestock feed, fertilizer and as a combustion material, but it can also be used as a source of anthocyanins, which can be used in food matrices. The objective of this work was to quantify the bioactive compounds present in purple corn harvested in Juchitepec, State of Mexico. Four populations of purple corn were characterized: Negro de Ixtenco (P5), Negro de Ixtenco x Negro de Per&#xFA; (P6), Azul x Negro de Ixtenco (collection 7247B; P7), and Azul x Negro de Ixtenco (collection 7246B; P8). A conventional extraction was performed with 80% methanol plus 1% trifluoroacetic acid (TFA). Also, aqueous two-phase extraction (ATPE) was applied, through the construction and use of a binodal diagram with 96-grade ethanol, sodium citrate (40%), and citric acid (40%), to explore suitable separation conditions. The results indicated that populations P5 and P6 had higher concentrations (dry basis) of anthocyanins (1678.8 &#xB1; 6.1 and 1651.8 &#xB1; 11.7 mg ECy/100 g), phenols (4678.1 &#xB1; 149.0 and 4740.1 &#xB1; 170.8 mg EAF/100 g), total sugars (10917.4 &#xB1; 140.7 and 8654.1 &#xB1; 64.6 mg EG/100 g), and flavonoids (5781.7 &#xB1; 81.8 and 6238.8 &#xB1; 119.6 mg EQ/100 g, respectively). With an ATPE system with a composition of 8.25% sodium citrate, 2.75% citric acid, and 49.0% ethanol, extracts were obtained from upper phases of ATPE systems based on P5 and P6 populations, with total content of anthocyanins of 0.26 &#xB1; 0.00 and 0.31 &#xB1; 0.00 mg ECy /mL, phenols of 3.91 &#xB1; 0.01 and 4.02 &#xB1; 0.02 mg EAF/mL, proanthocyanidins of 42.49 &#xB1; 0.24 and 53.76 &#xB1; 0.60 mg EC/mL, flavonoids of 6.55 &#xB1; 0.20 y 7.51 &#xB1; 0.30 mg EQ/mL and total sugars of 10.26 &#xB1; .17 and 10.54 &#xB1; 0.03 mg EG/mL respectively. Pigmentation tests were performed on yogurt and sweet tamales, which demonstrated that anthocyanins from olote can be an alternative to replace artificial coloring.</subfield>
  </datafield>
  <datafield tag="650" ind1="1" ind2="3">
    <subfield code="a">Ma&#xED;z</subfield>
    <subfield code="x">Variedades</subfield>
    <subfield code="2">atg</subfield>
    <subfield code="9">71081</subfield>
  </datafield>
  <datafield tag="650" ind1="1" ind2="3">
    <subfield code="a">Tusa de ma&#xED;z</subfield>
    <subfield code="x">Compuestos bioactivos</subfield>
    <subfield code="2">atg</subfield>
    <subfield code="9">190636</subfield>
  </datafield>
  <datafield tag="650" ind1="1" ind2="3">
    <subfield code="a">Tusa de ma&#xED;z</subfield>
    <subfield code="x">Antocianinas</subfield>
    <subfield code="2">atg</subfield>
    <subfield code="9">190636</subfield>
  </datafield>
  <datafield tag="650" ind1="1" ind2="3">
    <subfield code="a">Tusa de ma&#xED;z</subfield>
    <subfield code="x">Pigmentaci&#xF3;n</subfield>
    <subfield code="2">atg</subfield>
    <subfield code="9">190636</subfield>
  </datafield>
  <datafield tag="650" ind1="1" ind2="3">
    <subfield code="a">Corn</subfield>
    <subfield code="x">Varieties</subfield>
    <subfield code="2">atg</subfield>
    <subfield code="9">155022</subfield>
  </datafield>
  <datafield tag="650" ind1="1" ind2="3">
    <subfield code="a">Corn cobs</subfield>
    <subfield code="x">Bioactive compounds</subfield>
    <subfield code="2">atg</subfield>
    <subfield code="9">190638</subfield>
  </datafield>
  <datafield tag="650" ind1="1" ind2="3">
    <subfield code="a">Corn cobs</subfield>
    <subfield code="x">Anthocyanins</subfield>
    <subfield code="2">atg</subfield>
    <subfield code="9">190638</subfield>
  </datafield>
  <datafield tag="650" ind1="1" ind2="3">
    <subfield code="a">Corn cobs</subfield>
    <subfield code="x">Pigmentation</subfield>
    <subfield code="2">atg</subfield>
    <subfield code="9">190638</subfield>
  </datafield>
  <datafield tag="700" ind1="1" ind2=" ">
    <subfield code="a">Valle Guadarrama, Salvador</subfield>
    <subfield code="9">151202</subfield>
    <subfield code="e">director</subfield>
  </datafield>
  <datafield tag="700" ind1="1" ind2=" ">
    <subfield code="a">Garc&#xED;a Cruz, Leticia</subfield>
    <subfield code="9">45884</subfield>
    <subfield code="e">asesora</subfield>
  </datafield>
  <datafield tag="700" ind1="1" ind2=" ">
    <subfield code="a">Ortega Paczka, Rafael &#xC1;ngel del Sagrado Coraz&#xF3;n</subfield>
    <subfield code="9">83853</subfield>
    <subfield code="e">asesor</subfield>
  </datafield>
  <datafield tag="856" ind1="4" ind2="0">
    <subfield code="u">http://10.13.5.2/tesis/tm/2212040-5_LOPEZ_HERRERA_ABIGAIL.pdf</subfield>
    <subfield code="y">DESCARGAR PDF</subfield>
  </datafield>
  <datafield tag="942" ind1=" " ind2=" ">
    <subfield code="2">Clasificaci&#xF3;n Universidad Aut&#xF3;noma Chapingo</subfield>
    <subfield code="c">TD</subfield>
  </datafield>
  <datafield tag="999" ind1=" " ind2=" ">
    <subfield code="c">220599</subfield>
    <subfield code="d">220599</subfield>
  </datafield>
  <datafield tag="952" ind1=" " ind2=" ">
    <subfield code="0">0</subfield>
    <subfield code="1">0</subfield>
    <subfield code="2">local</subfield>
    <subfield code="4">0</subfield>
    <subfield code="7">0</subfield>
    <subfield code="8">TesDigM</subfield>
    <subfield code="a">IA_</subfield>
    <subfield code="b">IA_</subfield>
    <subfield code="c">E_L</subfield>
    <subfield code="d">2025-06-12</subfield>
    <subfield code="e">El autor</subfield>
    <subfield code="l">0</subfield>
    <subfield code="p">1201015550</subfield>
    <subfield code="r">2025-06-12 13:43:27</subfield>
    <subfield code="w">2025-06-12</subfield>
    <subfield code="y">TD</subfield>
  </datafield>
</record>
